Statistics for Most Popular Destinations for Chinese Citizens

Click here to take the quiz!

General Stats

  • This quiz has been taken 823 times
  • The average score is 17 of 20

Answer Stats

# of VisitorsCountry% Correct
4.99 milJapan
98%
2.00 milUnited States
98%
0.33 milUnited Kingdom
96%
1.70 milFrance
95%
4.71 milSouth Korea
95%
0.51 milCanada
93%
1.02 milAustralia
92%
1.35 milRussia
92%
1.03 milGermany
90%
7.93 milThailand
90%
2.30 milItaly
89%
1.78 milVietnam
89%
0.93 milIndonesia
88%
1.68 milMalaysia
84%
2.11 milSingapore
81%
0.49 milPhilippines
78%
0.42 milLaos
75%
0.69 milCambodia
74%
0.72 milAustria
39%
0.36 milMaldives
20%

Score Distribution

Percentile by Number Answered

Percent of People with Each Score

Your Score History

You have not taken this quiz